| 000 | 00353nam a22001337a 4500 | ||
|---|---|---|---|
| 003 | SGT | ||
| 082 |
_a150 _bA21S |
||
| 100 | _a Sancheti, Komal | ||
| 245 | _aApplication Of Dialectical Behavior Therapy in Patients With Opioid Dependence | ||
| 260 |
_aGURUGRAM _bSGT UNIVERSITY _c2021 |
||
| 300 | _a157 | ||
| 650 | _aCLINICAL PSYCHOLOGY | ||
| 942 |
_2ddc _cTH |
||
| 999 |
_c26430 _d26430 |
||